Villes les plus peuplées de l'Allier - Statistiques

Statistiques générales
  • Ce quiz a été pris 58 fois
  • Le résultat moyen est 10 sur 19
Statistiques - réponses
Population Ville % Correct
37 289 Montluçon
97%
19 762 Moulins
97%
25 279 Vichy
92%
13 069 Yzeure
74%
13 386 Cusset
69%
3 076 Lapalisse
64%
6 395 Commentry
62%
5 862 Gannat
62%
5 039 Saint-Pourçain-sur-Sioule
56%
8 533 Bellerive-sur-Allier
49%
4 304 Désertines
46%
8 985 Domérat
46%
3 562 Varennes-sur-Allier
46%
3 090 Dompierre-sur-Besbre
44%
3 859 Avermes
38%
2 789 Saint-Yorre
28%
3 310 Creuzier-le-Vieux
26%
3 735 Saint-Germain-des-Fossés
21%
2 847 Abrest
18%
Aucun quiz correspondant
Distribution des résultats
% des personnes avec chaque résultat
Percentile par nombre de réponses
Votre historique - résultats
Vous n’avez pas pris ce quiz